[Event "BCF-chT 2223 (4NCL)"]
[Site "England"]
[Date "2023.04.30"]
[Round "10.1"]
[White "McDonald, Neil R"]
[Black "Parligras, Mircea Emilian"]
[Result "1/2-1/2"]
[WhiteElo "2410"]
[BlackElo "2552"]
[PlyCount "86"]
[EventDate "2022.10.22"]
[EventType "team-swiss"]
[EventRounds "11"]
[EventCountry "ENG"]
[SourceTitle "EXT 2024"]
[Source "ChessBase"]
[SourceDate "2023.10.10"]
[SourceVersion "1"]
[SourceVersionDate "2023.10.10"]
[SourceQuality "1"]
[WhiteTeam "Wood Green"]
[BlackTeam "Chess.com Manx Liberty"]
[WhiteTeamCountry "ENG"]
[BlackTeamCountry "ENG"]

1. e4 e5 2. Nf3 Nc6 3. Bb5 Nf6 4. 0-0 Nxe4 5. Re1 Nd6 6. Nxe5 Nxe5 7. Rxe5+ Be7 8. Bf1 0-0 9. d4 Bf6 10. Re1 Re8 11. Bf4 Rxe1 12. Qxe1 Ne8 13. Qe3 d5 14. Nd2 Bf5 15. c3 Nd6 16. Re1 c6 17. h3 h6 18. g4 Bg6 19. Bg2 a5 20. Be5 Be7 21. Bxg7 Bg5 22. f4 Kxg7 23. fxg5 Qxg5 24. Qf2 Re8 25. Rxe8 Nxe8 26. Nf3 Qc1+ 27. Kh2 Qf4+ 28. Qg3 Qf6 29. h4 Nd6 30. g5 hxg5 31. hxg5 Qe7 32. Ne5 Be4 33. Bh3 Bf5 34. Bxf5 Nxf5 35. Qf4 Nd6 36. Kg3 Ne4+ 37. Kh4 f6 38. gxf6+ Qxf6+ 39. Kg4 Qe6+ 40. Kf3 Qh3+ 41. Ke2 Qh5+ 42. Qg4+ Qxg4+ 43. Nxg4 Kf7 1/2-1/2

[Event "BCF-chT 2223 (4NCL)"]
[Site "England"]
[Date "2023.04.29"]
[Round "9.2"]
[White "Pein, Jonathan"]
[Black "McDonald, Neil R"]
[Result "1/2-1/2"]
[WhiteElo "2236"]
[BlackElo "2410"]
[PlyCount "75"]
[EventDate "2022.10.22"]
[EventType "team-swiss"]
[EventRounds "11"]
[EventCountry "ENG"]
[SourceTitle "EXT 2024"]
[Source "ChessBase"]
[SourceDate "2023.10.10"]
[SourceVersion "1"]
[SourceVersionDate "2023.10.10"]
[SourceQuality "1"]
[WhiteTeam "Celtic Tigers"]
[BlackTeam "Wood Green"]
[WhiteTeamCountry "ENG"]
[BlackTeamCountry "ENG"]

1. e4 e6 2. d4 d5 3. exd5 exd5 4. Nf3 Nc6 5. Bb5 Bd6 6. c4 dxc4 7. d5 a6 8. Ba4 b5 9. dxc6 bxa4 10. 0-0 Ne7 11. Nbd2 Be6 12. Qxa4 Bd5 13. Nxc4 Bxc6 14. Qd1 0-0 15. Nxd6 Qxd6 16. Qxd6 cxd6 17. Nd4 Bb7 18. Bf4 Ng6 19. Bg3 f5 20. Bxd6 Rf6 21. Bc7 Rc8 22. Rac1 Rf7 23. Ba5 Rxc1 24. Rxc1 Nf4 25. f3 Rd7 26. Rc7 Rxd4 27. Rxb7 Rd5 28. Bb6 Rb5 29. b3 Ne2+ 30. Kf2 Nc3 31. Rc7 Nxa2 32. Bd4 g6 33. Rg7+ Kf8 34. Rxh7 Nc1 35. Rh8+ Kf7 36. Rh7+ Kf8 37. Rh8+ Kf7 38. Rh7+ 1/2-1/2

[Event "BCF-chT 2223 (4NCL)"]
[Site "England"]
[Date "2022.10.22"]
[Round "1.6"]
[White "Horton, Jamie A"]
[Black "McDonald, Neil R"]
[Result "1/2-1/2"]
[WhiteElo "2186"]
[BlackElo "2410"]
[PlyCount "138"]
[EventDate "2022.10.22"]
[EventType "team-swiss"]
[EventRounds "11"]
[EventCountry "ENG"]
[SourceTitle "CBM 210 Extra"]
[Source "ChessBase"]
[SourceDate "2022.11.30"]
[SourceVersion "1"]
[SourceVersionDate "2022.11.30"]
[SourceQuality "1"]
[WhiteTeam "Wood Green Youth"]
[BlackTeam "Wood Green"]
[WhiteTeamCountry "ENG"]
[BlackTeamCountry "ENG"]

1. d4 e6 2. c4 f5 3. Nf3 Nf6 4. e3 c6 5. Be2 d5 6. 0-0 Bd6 7. b3 Qe7 8. Bb2 0-0 9. Qc2 b6 10. Nbd2 Bb7 11. Ne5 Nbd7 12. Ndf3 c5 13. Rad1 Rac8 14. Qb1 Rfd8 15. Qa1 Ne4 16. Nxd7 Rxd7 17. Rfe1 cxd4 18. Bxd4 Bb4 19. Rf1 Ba6 20. Rc1 Rdc7 21. Be5 Bd6 22. Rfd1 dxc4 23. bxc4 Bxc4 24. Bxc4 Rxc4 25. Rxc4 Rxc4 26. h4 Bb4 27. h5 h6 28. Qb1 Rc8 29. Qb3 Kh7 30. Nd4 Bc3 31. f3 Bxd4 32. Bxd4 Ng3 33. Be5 Nxh5 34. Qb2 Rd8 35. Rc1 Rd7 36. a4 Qg5 37. Qc3 Rd5 38. Re1 Qh4 39. Ra1 Rc5 40. Qb2 Qg5 41. Re1 Nf6 42. Bb8 Nd5 43. Qd2 Qh4 44. e4 Rc2 45. g3 Rxd2 46. gxh4 Nc3 47. exf5 exf5 48. Re7 Kg6 49. Be5 Nxa4 50. Rxa7 Nc5 51. Rxg7+ Kh5 52. Rf7 Nd7 53. Bf4 Rd1+ 54. Kg2 Kg6 55. Re7 Nc5 56. h5+ Kf6 57. Rc7 Ne6 58. Rc6 b5 59. Bxh6 b4 60. Rb6 Rd4 61. Be3 Rh4 62. h6 Ke5 63. h7 Rxh7 64. Rxb4 Rc7 65. Rb5+ Kf6 66. Rb6 Kf7 67. Rb4 Kf6 68. Rb6 Kf7 69. Rb4 Kf6 1/2-1/2

[Event "London Classic op 11th"]
[Site "London"]
[Date "2019.12.06"]
[Round "9"]
[White "McDonald, Neil R"]
[Black "Papadiamandis, Elliot"]
[Result "1-0"]
[WhiteElo "2412"]
[BlackElo "2220"]
[PlyCount "73"]
[EventDate "2019.11.29"]
[EventType "swiss"]
[EventRounds "9"]
[EventCountry "ENG"]
[SourceTitle "CBM 193 Extra"]
[Source "ChessBase"]
[SourceDate "2020.01.31"]
[SourceVersion "1"]
[SourceVersionDate "2020.01.31"]
[SourceQuality "1"]

1. e4 c5 2. Nf3 d6 3. d4 cxd4 4. Nxd4 Nf6 5. Nc3 a6 6. Bg5 e6 7. f4 Be7 8. Qf3 Nbd7 9. 0-0-0 Qc7 10. g4 b5 11. Bxf6 Nxf6 12. g5 Nd7 13. h4 0-0 14. a3 Bb7 15. h5 Nc5 16. b4 Nd7 17. Rh3 Nb6 18. Rg3 Rac8 19. Rd3 Rfe8 20. Bh3 Nc4 21. Qf2 Qd8 22. h6 g6 23. Nxe6 fxe6 24. Bxe6+ Kf8 25. Bxc8 Qxc8 26. Qd4 Rd8 27. Qh8+ Kf7 28. Qxh7+ Ke8 29. Qxg6+ Kd7 30. Qf5+ Ke8 31. h7 Qxf5 32. exf5 Kf7 33. f6 Kg6 34. fxe7 Rh8 35. Nd5 Bxd5 36. Rxd5 Kf7 37. g6+ 1-0

[Event "BCF-chT1c 1819 (4NCL) Promotion pool"]
[Site "England"]
[Date "2019.05.06"]
[Round "11.27"]
[White "Kirk, Ezra"]
[Black "McDonald, Neil R"]
[Result "1/2-1/2"]
[WhiteElo "2425"]
[BlackElo "2410"]
[PlyCount "100"]
[EventDate "2018.11.10"]
[EventType "team-tourn"]
[EventRounds "11"]
[EventCountry "ENG"]
[SourceTitle "CBM 190 Extra"]
[Source "ChessBase"]
[SourceDate "2019.07.15"]
[SourceVersion "1"]
[SourceVersionDate "2019.07.15"]
[SourceQuality "1"]
[WhiteTeam "Cheddleton"]
[BlackTeam "Wood Green"]
[WhiteTeamCountry "ENG"]
[BlackTeamCountry "ENG"]

1. e4 d5 2. exd5 Qxd5 3. Nc3 Qd6 4. d4 Nf6 5. Nf3 g6 6. Nb5 Qb6 7. Bd3 c6 8. Na3 Bg7 9. 0-0 Bg4 10. Nc4 Qd8 11. Re1 0-0 12. c3 Nbd7 13. h3 Bxf3 14. Qxf3 Nd5 15. Bg5 N7f6 16. Rad1 b5 17. Ne5 Rc8 18. Re2 Qd6 19. g4 Nd7 20. Nxd7 Qxd7 21. Rde1 e6 22. h4 c5 23. dxc5 Rxc5 24. Bc1 Rfc8 25. Rd2 Qc7 26. Rdd1 Be5 27. Be4 Nf6 28. Bb7 Rd8 29. Rxd8+ Qxd8 30. Be3 Rc4 31. Bg5 h6 32. Rxe5 hxg5 33. Rxg5 Nh7 34. Rxb5 Qxh4 35. Qd3 Rf4 36. f3 Qg3+ 37. Kf1 Nf6 38. Rb4 Nxg4 39. Qd2 Nh2+ 40. Ke2 Rf5 41. Qd8+ Kg7 42. Rh4 Rh5 43. Rxh5 gxh5 44. Qd4+ e5 45. Qf2 Qf4 46. Qg1+ Kf6 47. Bd5 Qa4 48. Bb3 Qf4 49. Bd5 Qa4 50. Kf2 Qf4 1/2-1/2

[Event "BCF-chT1a 1819 (4NCL)"]
[Site "England"]
[Date "2019.01.13"]
[Round "4.17"]
[White "Hebden, Mark"]
[Black "McDonald, Neil R"]
[Result "1/2-1/2"]
[WhiteElo "2435"]
[BlackElo "2411"]
[PlyCount "56"]
[EventDate "2018.11.10"]
[EventType "team-tourn"]
[EventRounds "7"]
[EventCountry "ENG"]
[SourceTitle "CBM 188 Extra"]
[Source "ChessBase"]
[SourceDate "2019.02.26"]
[SourceVersion "1"]
[SourceVersionDate "2019.02.26"]
[SourceQuality "1"]
[WhiteTeam "Guildford"]
[BlackTeam "Wood Green"]
[WhiteTeamCountry "ENG"]
[BlackTeamCountry "ENG"]

1. d4 d5 2. Nf3 Nf6 3. c4 e6 4. Bg5 Be7 5. Nc3 0-0 6. e3 a6 7. Rc1 Nbd7 8. cxd5 exd5 9. Bd3 c6 10. Qc2 Re8 11. 0-0 Nf8 12. Na4 Ne4 13. Bxe7 Qxe7 14. Nb6 Rb8 15. Bxe4 dxe4 16. Nd2 Bg4 17. Qc5 Qf6 18. Ndc4 Rbd8 19. Ne5 Qh4 20. Qb4 Bf3 21. Nbc4 Qg5 22. g3 Qf5 23. Qxb7 Rd7 24. Qxc6 Re6 25. Qa8 Rd8 26. Qb7 Rd7 27. Qa8 Rd8 28. Qb7 Rd7 1/2-1/2

[Event "London Classic op 10th"]
[Site "London"]
[Date "2018.12.16"]
[Round "9"]
[White "Flear, Glenn C"]
[Black "McDonald, Neil R"]
[Result "1/2-1/2"]
[WhiteElo "2451"]
[BlackElo "2403"]
[PlyCount "78"]
[EventDate "2018.12.09"]
[EventType "swiss"]
[EventRounds "9"]
[EventCountry "ENG"]
[SourceTitle "CBM 187 Extra"]
[Source "ChessBase"]
[SourceDate "2018.11.04"]
[SourceVersion "1"]
[SourceVersionDate "2018.11.04"]
[SourceQuality "1"]

1. d4 d5 2. c4 e6 3. Nc3 Be7 4. cxd5 exd5 5. Bf4 c6 6. e3 Bf5 7. g4 Be6 8. h4 Nd7 9. h5 Nh6 10. Bxh6 gxh6 11. Nh3 Qb6 12. Rb1 Bd6 13. Qf3 Bb4 14. Bd3 c5 15. 0-0 Rg8 16. Bf5 cxd4 17. exd4 Qxd4 18. Rbd1 Qc4 19. Nxd5 Bxf5 20. Qxf5 Qxg4+ 21. Qxg4 Rxg4+ 22. Kh1 0-0-0 23. f4 Bd6 24. Rf3 Nb8 25. Rfd3 Nc6 26. Nf6 Rh4 27. Rxd6 Rxh3+ 28. Kg2 Re3 29. Kf2 Re6 30. Rxd8+ Nxd8 31. Nd5 Nc6 32. Kf3 Re8 33. Ne3 Re6 34. Nf5 Kc7 35. Rg1 Rf6 36. Ke4 Re6+ 37. Kf3 Rf6 38. Ke4 Re6+ 39. Kf3 Rf6 1/2-1/2

[Event "London Classic op 10th"]
[Site "London"]
[Date "2018.12.15"]
[Round "7"]
[White "Gormally, Daniel"]
[Black "McDonald, Neil R"]
[Result "1-0"]
[WhiteElo "2478"]
[BlackElo "2403"]
[PlyCount "79"]
[EventDate "2018.12.09"]
[EventType "swiss"]
[EventRounds "9"]
[EventCountry "ENG"]
[SourceTitle "CBM 187 Extra"]
[Source "ChessBase"]
[SourceDate "2018.11.04"]
[SourceVersion "1"]
[SourceVersionDate "2018.11.04"]
[SourceQuality "1"]

1. d4 d5 2. c4 e6 3. Nf3 Nf6 4. g3 dxc4 5. Bg2 Bd7 6. Ne5 Bc6 7. Nxc6 Nxc6 8. 0-0 Qd7 9. e3 0-0-0 10. Qa4 Nd5 11. Qxc4 f5 12. Nc3 h5 13. Qe2 g5 14. Rd1 g4 15. e4 fxe4 16. Nxe4 Bd6 17. Bg5 Rdf8 18. Rac1 Kb8 19. Bh4 Rf5 20. Ng5 Rh6 21. Ne4 a6 22. a3 Nce7 23. Re1 Nc6 24. Qd3 Bf8 25. Re2 Nb6 26. Rd2 Nd5 27. Rdc2 Na7 28. b4 Rh7 29. Re2 Rh8 30. Ng5 Bh6 31. Rxe6 Bxg5 32. Qxf5 Bxc1 33. Bxd5 Nb5 34. Qe5 Rf8 35. Be7 Re8 36. Bc5 Rd8 37. a4 Nc3 38. Re7 Qxd5 39. Qxc7+ Ka8 40. Qb6 1-0

[Event "London Classic op 10th"]
[Site "London"]
[Date "2018.12.11"]
[Round "3"]
[White "Finn, Peter"]
[Black "McDonald, Neil R"]
[Result "0-1"]
[WhiteElo "1820"]
[BlackElo "2403"]
[PlyCount "96"]
[EventDate "2018.12.09"]
[EventType "swiss"]
[EventRounds "9"]
[EventCountry "ENG"]
[SourceTitle "CBM 187 Extra"]
[Source "ChessBase"]
[SourceDate "2018.11.04"]
[SourceVersion "1"]
[SourceVersionDate "2018.11.04"]
[SourceQuality "1"]

1. e4 e6 2. d4 d5 3. Nd2 Nf6 4. e5 Nfd7 5. Bd3 c5 6. c3 Nc6 7. Ne2 cxd4 8. cxd4 f6 9. Nf4 Nxd4 10. Qh5+ Ke7 11. exf6+ Nxf6 12. Ng6+ hxg6 13. Qxh8 Kf7 14. 0-0 e5 15. Nb3 Nxb3 16. axb3 e4 17. Be2 Be6 18. Bf4 d4 19. Rfc1 Nd5 20. Bg3 d3 21. Bd1 Qf6 22. Qh4 Bf5 23. b4 d2 24. Rcb1 Qxh4 25. Bxh4 e3 26. Bf3 Bxb1 27. Rxb1 Rc8 28. Rd1 e2 29. Bxe2 Nf4 30. Bg4 Re8 31. h3 Re1+ 32. Kh2 Bxb4 33. Bg5 Rxd1 34. Bxd1 Nd3 35. b3 Nxf2 36. Bxd2 Bd6+ 37. Kg1 Nxd1 38. Kf1 Be5 39. Ke2 Nc3+ 40. Kd3 Nd5 41. Ke4 Bc3 42. Bg5 Nf6+ 43. Kd3 Be5 44. b4 b5 45. Be3 a6 46. Bc5 Ke6 47. g4 Bd6 48. Kd4 Nd7 0-1

[Event "BCF-chT1c 1516 (4NCL) Promotion pool"]
[Site "England"]
[Date "2016.05.01"]
[Round "10.124"]
[White "Short, Nigel D"]
[Black "McDonald, Neil R"]
[Result "1-0"]
[WhiteElo "2686"]
[BlackElo "2415"]
[PlyCount "297"]
[EventDate "2015.11.14"]
[EventType "team-tourn"]
[EventRounds "4"]
[EventCountry "ENG"]
[SourceTitle "EXT 2017"]
[Source "ChessBase"]
[SourceDate "2016.10.25"]
[SourceVersion "1"]
[SourceVersionDate "2016.10.25"]
[SourceQuality "1"]
[WhiteTeam "Guildford II"]
[BlackTeam "Wood Green"]
[WhiteTeamCountry "ENG"]
[BlackTeamCountry "ENG"]

1. d4 d5 2. c4 e6 3. Nc3 Be7 4. Nf3 Nf6 5. Bg5 h6 6. Bh4 0-0 7. e3 Ne4 8. Bxe7 Qxe7 9. Rc1 c6 10. Qb3 Nd7 11. Be2 Nxc3 12. bxc3 dxc4 13. Qxc4 c5 14. Nd2 b6 15. Bf3 Rb8 16. Qa4 Bb7 17. 0-0 Rfc8 18. Qxa7 Bxf3 19. Nxf3 Ra8 20. Qb7 Rcb8 21. Qc6 Rc8 22. Qb5 Rxa2 23. Ra1 Rca8 24. Rxa2 Rxa2 25. h3 Qd6 26. e4 Ra5 27. Qb1 Qc6 28. Rd1 Ra8 29. d5 exd5 30. exd5 Qa4 31. d6 b5 32. Re1 b4 33. cxb4 cxb4 34. Nd4 b3 35. Nxb3 Rb8 36. Qc2 Nf6 37. Re3 Rd8 38. Qc7 Qd7 39. Re7 Qxd6 40. Rxf7 Qxc7 41. Rxc7 Rd1+ 42. Kh2 Rf1 43. Rc2 Ne4 44. f3 Nf6 45. Nd4 Rd1 46. Nf5 Rd7 47. g4 Kh7 48. Rc6 Nd5 49. Ra6 Ne7 50. Nd6 Nd5 51. Ne4 Rb7 52. h4 Rb6 53. Ra7 Nf6 54. Nf2 Rb2 55. Kg3 Rb1 56. h5 Rb3 57. Re7 Nd5 58. Re5 Nf6 59. Nh3 Rb1 60. Nf4 Rg1+ 61. Kh3 Rf1 62. Kg2 Rd1 63. Ra5 Rd4 64. Ng6 Rd8 65. Kg3 Rb8 66. Ra7 Rd8 67. Rb7 Re8 68. Ne7 Rd8 69. Nf5 Rd7 70. Rb8 Ng8 71. Re8 Nf6 72. Ra8 Ng8 73. Re8 Nf6 74. Rf8 Rc7 75. Kh4 Nd5 76. Nd4 Rc4 77. Ne6 Rc6 78. Re8 g5+ 79. hxg6+ Kxg6 80. Nd4 Nf6 81. Re7 Rd6 82. Ne2 Nd5 83. Re5 Nf6 84. Ra5 Kf7 85. Nf4 Rd7 86. Rf5 Kg7 87. Ne6+ Kf7 88. Nf4 Kg7 89. Kg3 Ra7 90. Rb5 Re7 91. Ra5 Rb7 92. Ne6+ Kh7 93. Ra6 Ng8 94. Nd4 Rf7 95. Rd6 Ra7 96. Kf4 Rc7 97. Nc6 Rf7+ 98. Kg3 Rb7 99. Ne5 Re7 100. f4 Kg7 101. Rg6+ Kh7 102. Rd6 Kg7 103. Nc6 Rb7 104. Nd4 Ra7 105. Nf5+ Kh7 106. Kf3 Ra3+ 107. Ke4 Ra4+ 108. Ke5 Ra5+ 109. Ke6 Ra7 110. Rb6 Rc7 111. Ra6 Rb7 112. Nd6 Re7+ 113. Kf5 Rc7 114. Ra4 Rc5+ 115. Ke6 Rc7 116. Re4 Re7+ 117. Kf5 Ra7 118. Re8 Rg7 119. Ne4 Rf7+ 120. Ke5 Rg7 121. Nf2 Ra7 122. Rd8 Re7+ 123. Kf5 Rf7+ 124. Ke4 Re7+ 125. Kf3 Nf6 126. Nd3 Ra7 127. Rd4 Kg7 128. f5 Ra1 129. Nc5 Rf1+ 130. Kg2 Rc1 131. Ne6+ Kf7 132. Ra4 Ke7 133. Kg3 Rg1+ 134. Kh3 Rh1+ 135. Kg2 Rb1 136. Ng7 Nd5 137. Nh5 Rb3 138. Kf2 Kd6 139. Re4 Rb2+ 140. Kg3 Rb3+ 141. Kh4 Re3 142. Ra4 Ke5 143. Ra6 Nf4 144. Rxh6 Re1 145. Nxf4 Kxf4 146. Kh5 Rh1+ 147. Kg6 Rg1 148. Rh4 Kg3 149. Rh5 1-0

[Event "BCF-chT1c 1516 (4NCL) Promotion pool"]
[Site "England"]
[Date "2016.04.30"]
[Round "9.126"]
[White "McDonald, Neil R"]
[Black "Webb, Laurence"]
[Result "1-0"]
[WhiteElo "2415"]
[BlackElo "2297"]
[PlyCount "105"]
[EventDate "2015.11.14"]
[EventType "team-tourn"]
[EventRounds "4"]
[EventCountry "ENG"]
[SourceTitle "EXT 2017"]
[Source "ChessBase"]
[SourceDate "2016.10.25"]
[SourceVersion "1"]
[SourceVersionDate "2016.10.25"]
[SourceQuality "1"]
[WhiteTeam "Wood Green"]
[BlackTeam "Blackthorne Russia"]
[WhiteTeamCountry "ENG"]
[BlackTeamCountry "ENG"]

1. e4 e6 2. d4 d5 3. Nd2 Nf6 4. e5 Ne4 5. Nxe4 dxe4 6. Bc4 a6 7. Ne2 c5 8. c3 b5 9. Bb3 Bb7 10. 0-0 Nc6 11. Be3 Qh4 12. a4 Rd8 13. axb5 axb5 14. Qc1 Be7 15. Nf4 g5 16. Ne2 0-0 17. f4 exf3 18. Rxf3 Nxd4 19. cxd4 Bxf3 20. gxf3 cxd4 21. Bf2 Qh5 22. Nxd4 g4 23. f4 Bh4 24. Qe3 Bxf2+ 25. Qxf2 Qh3 26. Bc2 Kh8 27. Ra3 Qh6 28. Rg3 Ra8 29. Kg2 Ra2 30. Bb1 Ra4 31. Rxg4 Rg8 32. h3 Qf8 33. Kh2 Rxg4 34. hxg4 Qd8 35. Nc6 Qd1 36. Bc2 Rxf4 37. Qxf4 Qxc2+ 38. Kg3 Qxc6 39. Qxf7 Qc8 40. Kh4 Qg8 41. Qf6+ Qg7 42. Qd8+ Qg8 43. Qxg8+ Kxg8 44. Kh5 Kg7 45. g5 b4 46. b3 Kh8 47. Kh6 Kg8 48. g6 Kh8 49. Kg5 h5 50. Kf6 Kg8 51. Kxe6 Kg7 52. Kf5 h4 53. e6 1-0

[Event "BCF-chT1a 1516 (4NCL)"]
[Site "England"]
[Date "2016.02.14"]
[Round "6.135"]
[White "Congiu, Mathilde"]
[Black "McDonald, Neil R"]
[Result "0-1"]
[WhiteElo "2274"]
[BlackElo "2415"]
[PlyCount "94"]
[EventDate "2015.11.14"]
[EventType "team-tourn"]
[EventRounds "7"]
[EventCountry "ENG"]
[SourceTitle "CBM 170 Extra"]
[Source "ChessBase"]
[SourceDate "2016.02.25"]
[SourceVersion "1"]
[SourceVersionDate "2016.02.25"]
[SourceQuality "1"]
[WhiteTeam "3CS Oldham"]
[BlackTeam "Wood Green"]
[WhiteTeamCountry "ENG"]
[BlackTeamCountry "ENG"]

1. e4 e6 2. d3 d5 3. Qe2 Nf6 4. Nf3 Be7 5. g3 b5 6. e5 Nfd7 7. Bg2 c5 8. 0-0 Nc6 9. h4 Bb7 10. Bf4 h6 11. h5 a5 12. a4 b4 13. Nbd2 Nb6 14. Rfe1 Ba6 15. c4 bxc3 16. bxc3 Rb8 17. g4 Qd7 18. g5 hxg5 19. Nxg5 Nd8 20. Reb1 Rb7 21. c4 Nxa4 22. Rxb7 Bxb7 23. Qg4 Bc6 24. Ra3 Nb2 25. Qe2 dxc4 26. dxc4 Bxg2 27. Kxg2 Qd4 28. Nge4 Nc6 29. Qg4 Nxe5 30. Qxg7 Nexc4 31. h6 Qxg7+ 32. hxg7 Rg8 33. Rg3 a4 34. Nb1 f5 35. Nec3 Bf6 36. Bh6 Kf7 37. Nb5 Bxg7 38. Bg5 e5 39. Bc1 f4 40. Rh3 Rb8 41. N1a3 Nxa3 42. Nxa3 Ke6 43. Rh7 Nd3 44. Rxg7 Nxc1 45. Ra7 Nd3 46. Rxa4 Rb2 47. Nc4 Rxf2+ 0-1

[Event "BCF-chT1a 1516 (4NCL)"]
[Site "England"]
[Date "2016.01.23"]
[Round "3.114"]
[White "Arkell, Keith C"]
[Black "McDonald, Neil R"]
[Result "1/2-1/2"]
[WhiteElo "2499"]
[BlackElo "2415"]
[PlyCount "123"]
[EventDate "2015.11.14"]
[EventType "team-tourn"]
[EventRounds "7"]
[EventCountry "ENG"]
[SourceTitle "CBM 170 Extra"]
[Source "ChessBase"]
[SourceDate "2016.02.25"]
[SourceVersion "1"]
[SourceVersionDate "2016.02.25"]
[SourceQuality "1"]
[WhiteTeam "Cheddleton"]
[BlackTeam "Wood Green"]
[WhiteTeamCountry "ENG"]
[BlackTeamCountry "ENG"]

1. d4 d5 2. Nf3 Nf6 3. c4 e6 4. cxd5 exd5 5. Nc3 c6 6. Bg5 Be7 7. e3 0-0 8. Bd3 Nbd7 9. Qc2 Re8 10. 0-0 Nf8 11. h3 Ng6 12. Bxf6 Bxf6 13. b4 a6 14. a4 Be7 15. Rab1 Bd6 16. Bf5 Bxf5 17. Qxf5 Nh4 18. Nxh4 Qxh4 19. b5 axb5 20. axb5 Re6 21. bxc6 bxc6 22. Rb7 Rf6 23. Qg4 Qxg4 24. hxg4 g6 25. Rc1 Ra6 26. g3 Kg7 27. Rd7 Bb4 28. Ne2 g5 29. Rc7 Ra2 30. Kf1 c5 31. R7xc5 Bxc5 32. dxc5 Rfa6 33. c6 Ra1 34. Rxa1 Rxa1+ 35. Kg2 Kf6 36. Nd4 Ke7 37. Kf3 Ra2 38. Kg2 Kd6 39. Kf3 Rd2 40. Nf5+ Ke5 41. Kg2 Rc2 42. Nd4 Rc4 43. f4+ Ke4 44. Kf2 gxf4 45. gxf4 Rc3 46. g5 Rxe3 47. Nb5 Kd3 48. f5 Re2+ 49. Kf3 Rc2 50. Nd6 Rxc6 51. Nxf7 Kc2 52. Ne5 Rc3+ 53. Kg4 d4 54. f6 d3 55. Nxd3 Kxd3 56. f7 Rc8 57. g6 hxg6 58. Kg5 Ke4 59. Kxg6 Ke5 60. Kg7 Rc7 61. Kg8 Rxf7 62. Kxf7 1/2-1/2

[Event "London Classic op 7th"]
[Site "London"]
[Date "2015.12.11"]
[Round "9"]
[White "McDonald, Neil R"]
[Black "Vuilleumier, Alexandre"]
[Result "0-1"]
[WhiteElo "2417"]
[BlackElo "2342"]
[PlyCount "70"]
[EventDate "2015.12.04"]
[EventType "swiss"]
[EventRounds "9"]
[EventCountry "ENG"]
[SourceTitle "CBM 169 Extra"]
[Source "ChessBase"]
[SourceDate "2015.12.18"]
[SourceVersion "1"]
[SourceVersionDate "2015.12.18"]
[SourceQuality "1"]

1. e4 e5 2. Nf3 Nc6 3. Bb5 f5 4. Nc3 fxe4 5. Nxe4 Nf6 6. Qe2 d5 7. Nxf6+ gxf6 8. d4 e4 9. Nh4 Be6 10. c3 Qd6 11. f3 a6 12. Ba4 0-0-0 13. 0-0 f5 14. fxe4 fxe4 15. Bf4 Qd7 16. Bg5 Re8 17. b4 Rg8 18. Bf6 Be7 19. b5 Na5 20. Rab1 Nc4 21. Bxe7 Rxe7 22. Rf6 Bg4 23. Qc2 a5 24. b6 c6 25. Qf2 e3 26. Qg3 e2 27. Nf3 Re6 28. Rf4 Reg6 29. Bc2 R6g7 30. Kh1 Bxf3 31. Qxf3 Qe7 32. Bf5+ Kd8 33. Re1 Rxg2 34. Bg4 Ne3 35. Rxe2 Rxe2 0-1

[Event "London Classic op 7th"]
[Site "London"]
[Date "2015.12.09"]
[Round "7"]
[White "McDonald, Neil R"]
[Black "Hawkins, Jonathan J"]
[Result "1/2-1/2"]
[WhiteElo "2417"]
[BlackElo "2563"]
[PlyCount "102"]
[EventDate "2015.12.04"]
[EventType "swiss"]
[EventRounds "9"]
[EventCountry "ENG"]
[SourceTitle "CBM 169 Extra"]
[Source "ChessBase"]
[SourceDate "2015.12.18"]
[SourceVersion "1"]
[SourceVersionDate "2015.12.18"]
[SourceQuality "1"]

1. e4 c5 2. Nf3 e6 3. d4 cxd4 4. Nxd4 Nc6 5. Nc3 Qc7 6. Be3 a6 7. Qd2 Nf6 8. 0-0-0 Be7 9. f4 b5 10. e5 b4 11. exf6 bxc3 12. Qxc3 Bxf6 13. g4 Qb7 14. Rg1 Nb4 15. Bc4 d5 16. Bb3 Bd7 17. a3 Nc6 18. g5 Nxd4 19. Bxd4 Bxd4 20. Qxd4 0-0 21. f5 a5 22. Rg3 a4 23. Qh4 axb3 24. Rh3 h6 25. gxh6 Qc7 26. c3 Ra4 27. Rd4 Rxd4 28. Qxd4 f6 29. hxg7 Kxg7 30. Qg4+ Kf7 31. fxe6+ Ke8 32. exd7+ Kd8 33. Kd2 Qc5 34. Re3 Qd6 35. Qe2 Kxd7 36. Qb5+ Kc7 37. Qa5+ Kb7 38. Qb5+ Kc7 39. Qe2 Qf4 40. Kd1 Rg8 41. Rg3 Rxg3 42. hxg3 Qf5 43. Kd2 Qc2+ 44. Ke1 Qb1+ 45. Kf2 Qf5+ 46. Kg2 Qc2 47. Kf1 Qb1+ 48. Kg2 Qc2 49. Qf2 Qe4+ 50. Kh3 Qh7+ 51. Kg2 Qe4+ 1/2-1/2